Statystyki dla POSTACI KRESKÓWKOWE, KTÓRYCH GŁOSY OD RAZU KOJARZYMY

Kliknij tutaj aby rozwiązać quiz!

Ogólne statystyki

  • Ten quiz został rozwiązany 44 razy
  • Średni wynik to 2 z 5

Statystyki odpowiedzi

Odpowiedź% Poprawnych
KACZOR DONALD
62%
MYSZKA MIKI
59%
KRÓL JULIAN
47%
SID
32%
OSIOŁ
24%

Rozkład punktacji

Percentyl według liczby udzielonych odpowiedzi

Procent ludzi z każdym wynikiem

Twoja historia wyników

Nie rozwiązałeś tego quizu